000 00746nam a2200289Ia 4500
001 50886
003 IT-RoPAU
008 130308s9999 xx 000 0 und d
040 _aIT-RoPAU
040 _cIT-RoPAU
041 _aITALIANO
100 _aRiti Rossella
100 _gCodice Aut. SPICS: 21918
245 _aProfessione: regista pubblicitario
245 _bIndustria Dello spot (L')-1986
250 _a1a ed.
260 _aMILANO
260 _bComunicare
260 _c1986 [1° Ed.:1986 - Ed.Ling.Originale:1986]
300 _a"8 p. (prefazione: no ; testo: 8 [pagine: 10-17])"
650 _aSAGGI DI PUBBLICITA'
650 _eCodice materia Spics: 6211
942 _cBK
957 _71
999 _c48846
_d48846
999 _bSI
999 _g1